| 000 | 00560nam a22001577a 4500 | ||
|---|---|---|---|
| 003 | OSt | ||
| 005 | 20151003083218.0 | ||
| 008 | 151003b xxu||||| |||| 00| 0 eng d | ||
| 040 | _cRUA | ||
| 082 | _aAVM KEA 1995 B068 Or.1 | ||
| 100 |
_91828 _aKEA, PHA. |
||
| 245 | _aContribution a l' etude de la strerilite des vaches allaittantes, ការសិក្សាអំពីមូលហេតុដែលបណ្ដាលអោយមេគោគ្មានកូន | ||
| 260 |
_aPhnom Penh _bRUA _c1995 |
||
| 300 |
_a52p. _bill. _c29cm. |
||
| 942 |
_2ddc _cAVM |
||
| 999 |
_c1725 _d1725 |
||